[Event "FIN-chT1A 1819"]
[Site "Finland"]
[Date "2018.09.15"]
[Round "1.8"]
[White "Jaakkola, Konsta"]
[Black "Tuovinen, Jukka"]
[Result "1/2-1/2"]
[WhiteElo "1841"]
[BlackElo "1977"]
[PlyCount "55"]
[EventDate "2018.09.15"]
[EventType "team-tourn"]
[EventRounds "7"]
[EventCountry "FIN"]
[SourceTitle "EXT 2020"]
[Source "ChessBase"]
[SourceDate "2019.10.17"]
[SourceVersion "1"]
[SourceVersionDate "2019.10.17"]
[SourceQuality "1"]
[WhiteTeam "Tampere Tammer II"]
[BlackTeam "Helsinki LauttSK"]
[WhiteTeamCountry "FIN"]
[BlackTeamCountry "FIN"]

1. d4 Nf6 2. c4 e6 3. Nc3 Bb4 4. f3 c5 5. d5 Nh5 6. Nh3 f5 7. Bg5 Bxc3+ 8. bxc3 Qa5 9. Qd2 0-0 10. e4 fxe4 11. fxe4 e5 12. Be2 Nf6 13. Nf2 d6 14. 0-0 Nbd7 15. Qe3 Qc7 16. Ng4 Nxg4 17. Bxg4 Nf6 18. Bxf6 Rxf6 19. Rxf6 gxf6 20. Bh5 Qg7 21. Rf1 Bd7 22. Rf3 Kh8 23. Rg3 Qe7 24. Rf3 Rf8 25. g4 Qg7 26. Qf2 Qg5 27. h4 Qh6 28. Kh2 1/2-1/2

[Event "Heart of Finland op 28th"]
[Site "Jyvaskyla"]
[Date "2018.07.20"]
[Round "7"]
[White "Jaakkola, Konsta"]
[Black "Engman, Rikard"]
[Result "0-1"]
[WhiteElo "1743"]
[BlackElo "2171"]
[PlyCount "58"]
[EventDate "2018.07.16"]
[EventType "swiss"]
[EventRounds "9"]
[EventCountry "FIN"]
[SourceTitle "CBM 185 Extra"]
[Source "ChessBase"]
[SourceDate "2018.07.29"]
[SourceVersion "1"]
[SourceVersionDate "2018.07.29"]
[SourceQuality "1"]

1. e4 e5 2. Nf3 Nc6 3. d4 exd4 4. Bc4 Nf6 5. e5 Ng4 6. Bxf7+ Kxf7 7. Ng5+ Kg8 8. Qxg4 h6 9. Nf3 d6 10. e6 Qf6 11. 0-0 Bxe6 12. Qg3 Nb4 13. Nxd4 Qxd4 14. c3 Qb6 15. cxb4 Qxb4 16. f4 Bf5 17. Nc3 c6 18. b3 Be7 19. Bb2 Bf6 20. Kh1 Kf7 21. Rae1 Rae8 22. Qf3 Rxe1 23. Rxe1 Re8 24. Rxe8 Kxe8 25. g4 Be6 26. g5 hxg5 27. fxg5 Be5 28. Kg1 Qh4 29. Qf2 Bd4 0-1

[Event "Heart of Finland op 28th"]
[Site "Jyvaskyla"]
[Date "2018.07.18"]
[Round "4"]
[White "Narva, Triin"]
[Black "Jaakkola, Konsta"]
[Result "1-0"]
[WhiteElo "2106"]
[BlackElo "1743"]
[PlyCount "49"]
[EventDate "2018.07.16"]
[EventType "swiss"]
[EventRounds "9"]
[EventCountry "FIN"]
[SourceTitle "CBM 185 Extra"]
[Source "ChessBase"]
[SourceDate "2018.07.29"]
[SourceVersion "1"]
[SourceVersionDate "2018.07.29"]
[SourceQuality "1"]

1. e4 c5 2. Nf3 Nc6 3. Bb5 d6 4. 0-0 Bd7 5. c3 Nf6 6. Qe2 g6 7. d4 cxd4 8. cxd4 a6 9. Ba4 Bg7 10. Nc3 b5 11. Bb3 0-0 12. e5 Ne8 13. Rd1 Bg4 14. h3 Bxf3 15. Qxf3 Rc8 16. Bg5 b4 17. Nd5 h6 18. Bh4 g5 19. Bg3 e6 20. Ne3 dxe5 21. dxe5 Qc7 22. Ng4 Ne7 23. Nf6+ Kh8 24. Rd7 Qc5 25. Ne4 1-0